Reforma finančných zdrojov Medzinárodného menového fondu

Počiatky reformy Medzinárodného menového fondu. Smery reformy činnosti Medzinárodného menového fondu. Hlavné finančné zdroje MMF. Členské kvóty jednotlivých krajín v MMF. Special drawing rights-zvláštne práva čerpania. Mnohostranné dohody o vypožičiavaní devízových prostriedkov pre MMF.

Gespeichert in:
Bibliographische Detailangaben
1. Verfasser: Jankovská, Anežka
Format: Buchkapitel
Sprache:Slowakisch
Schlagworte:
Tags: Tag hinzufügen
Keine Tags, Fügen Sie das erste Tag hinzu!

MARC

LEADER 00000naa$a2200000$$$4500
001 0114689
005 20240502072259.2
041 0 |a slo 
044 |a SK 
245 1 0 |a Reforma finančných zdrojov Medzinárodného menového fondu  |c Anežka Jankovská 
520 |a Počiatky reformy Medzinárodného menového fondu. Smery reformy činnosti Medzinárodného menového fondu. Hlavné finančné zdroje MMF. Členské kvóty jednotlivých krajín v MMF. Special drawing rights-zvláštne práva čerpania. Mnohostranné dohody o vypožičiavaní devízových prostriedkov pre MMF. 
610 2 0 |a zdroje finančné 
610 2 0 |a kríza hospodárska 
610 2 0 |a reformy menové 
610 2 0 |a systém menový medzinárodný 
610 2 0 |a Medzinárodný menový fond 
100 1 |a Jankovská, Anežka